|
|
|
|
| LEADER |
00606nam a22001571a 4500 |
| 020 |
|
|
|a 9788120803299
|
| 082 |
|
|
|a 113.093 4
|b SUR/N
|
| 100 |
|
|
|a Surendranath Dasgupta
|9 123142
|
| 245 |
|
|
|a Natural Science of ancient Hindus/
|c by Surendranath Dasgupta
|
| 260 |
|
|
|a New Delhi:
|b Indian Council of Philosophical Research,
|c 1987.
|
| 300 |
|
|
|a 99
|
| 650 |
|
|
|a Hindus Ancient India
|9 123143
|
| 700 |
|
|
|a Debiprasad Chathopadhyaya
|9 123144
|
| 942 |
|
|
|c BK
|
| 999 |
|
|
|c 30730
|d 30730
|
| 952 |
|
|
|0 0
|1 0
|4 0
|6 113_093000000000000_4_SUR_N
|7 0
|9 44275
|a SSUS
|b SSUS
|d 2015-01-08
|g 50.00
|o 113.093 4 SUR/N
|p 005603
|r 2015-01-08
|v 0.00
|w 2015-01-08
|y BK
|